An Introduction To Global Environmental Issues (Record no. 4511)

MARC details
000 -LEADER
fixed length control field 00347nam a22001337a 4500
008 - FIXED-LENGTH DATA ELEMENTS--GENERAL INFORMATION
fixed length control field 251118b |||||||| |||| 00| 0 eng d
020 ## - INTERNATIONAL STANDARD BOOK NUMBER
ISBN O415102286
100 ## - MAIN ENTRY--AUTHOR
Author Pickering, Kevin T.
245 ## - TITLE STATEMENT
Title An Introduction To Global Environmental Issues
260 ## - PUBLICATION, DISTRIBUTION, ETC. (IMPRINT)
Place of publication London
Name of publisher Routlege
Date of publication 1995
300 ## - COLLATION
Pagination xxiii,389p.
942 ## - ADDED ENTRY ELEMENTS (KOHA)
Item type Books
050 ## - LIBRARY OF CONGRESS CALL NUMBER
Classification number GE105
Item number .P53
Holdings
Source of classification or shelving scheme Not for loan Permanent location Current location Date acquired Accession No. Full call number Barcode. Koha item type
Library of Congress Classification   Environmental Sciences Library Environmental Sciences Library 11/18/2025 2025/65060 GE105 .P53 2025-3298 Books
Library of Congress Classification   Environmental Sciences Library Environmental Sciences Library 11/18/2025 2025/65059 GE105 .P53 2025-3299 Books